| 000 | 02506nam a2200469 4500 | ||
|---|---|---|---|
| 001 | 113820 | ||
| 003 | ES-MaACL | ||
| 005 | 20250804062613.0 | ||
| 007 | t| | ||
| 008 | 210831s2020 sp 0011ddspa d | ||
| 020 | _a978-84-18333-34-7 | ||
| 080 | _a821.134.2-23"18" | ||
| 100 | 1 |
_aPérez Galdós, Benito, _d1843-1920 _990871 |
|
| 245 | 1 | 0 |
_aTeatro / _cBenito Pérez Galdós ; presentación de Juan Armindo Hernández Montero ; prólogo de Rosa Amor del Olmo ; preámbulo de Francisco Cánovas ; palabras preliminares de Antonio Chazarra Montiel. |
| 250 | _a1ª ed. | ||
| 260 |
_aMadrid : _bAteneo de Madrid : _bSial Pigmalión, _c2020. |
||
| 300 |
_a318 p. ; _c21 cm. |
||
| 490 | 1 |
_aColección de teatro candilejas ; _v18 |
|
| 500 | _aCatalogación provisional. Signatura: N 8592. Depósito J. | ||
| 505 | 8 | _aContiene: Benito Pérez Galdós y el viejo Ateneo de la calle Montera / Juan Armindo Hernández Montero . Galdós desde el anfiteatro / Rosa Amor del Olmo . La obra teatral de Galdós / Francisco Cánovas . Galdós: un excelente dramaturgo al que no eclipsa el mejor novelista del siglo XX / Antonio Chazarra Montiel . Electra ; El tacaño Salomón (Sperate Miseri): comedia en dos actos ; Santa Juana de Castilla: tragicomedia en tres actos / Benito Pérez Galdós | |
| 600 | 1 | 4 |
_aPérez Galdós, Benito, _d1843-1920- _xCrítica e interpretación _990875 |
| 700 | 1 |
_aPérez Galdós, Benito, _d1843-1920 _990871 |
|
| 700 | 1 |
_aPérez Galdós, Benito, _d1843-1920. _tElectra _9138132 |
|
| 700 | 1 |
_aPérez Galdós, Benito, _d1843-1920 _xTeatro. _990871 |
|
| 700 | 1 |
_aHernández Montero, Juan Armindo _9168574 |
|
| 700 | 1 |
_aAmor del Olmo, Rosa, _d1963- _9137798 |
|
| 700 | 1 |
_aCánovas Sánchez, Francisco, _d1949- _934609 |
|
| 700 | 1 |
_aChazarra Montiel, Antonio _9173627 |
|
| 710 | 2 |
_aAteneo de Madrid. _91875 |
|
| 740 | 0 | 2 | _aElectra. |
| 740 | 3 | 2 | _aEl tacaño Salomón. |
| 740 | 0 | 2 | _aSanta Juana de Castilla. |
| 740 | 0 | 2 | _aBenito Pérez Galdós y el viejo Ateneo de la calle Montera. |
| 830 | 1 |
_aColección de teatro candilejas ; _v18 _9226815 |
|
| 852 | 4 |
_aES-MaACL _9118101 _jA-14758 _cSPD2 _bR.152948 _dOlim: N-7758/Ej.1 _hDonación: Editorial |
|
| 852 | 4 |
_aES-MaACL _9200416 _bR.151948 _jN-8592 _cDEPOJ _zEn proceso _gDedicatoria autógrafa de los autores _hDonación: sin sello |
|
| 942 |
_2udc _cMONOGRAFIA |
||
| 999 |
_c113820 _d113820 |
||